Manual del albañil / (Record no. 158694)

MARC details
000 -LEADER
campo de control de longitud fija 00862nam a22002295i 4500
001 - NÚMERO DE CONTROL
campo de control 158694
003 - IDENTIFICADOR DE NÚMERO DE CONTROL
campo de control ES-MaACL
005 - FECHA Y HORA DE LA ÚLTIMA TRANSACCIÓN
campo de control 20250814080102.0
008 - DATOS DE LONGITUD FIJA--INFORMACIÓN GENERAL
campo de control de longitud fija 970605s1879 sp |||| | spa d
080 ## - NÚMERO DE LA CLASIFICACIÓN DECIMAL UNIVERSAL
Número de la Clasificación Decimal Universal 693
100 1# - ENTRADA PRINCIPAL--NOMBRE DE PERSONA
Nombre de persona Marcos y Bausa, Ricardo.
9 (RLIN) 223009
245 10 - MENCIÓN DEL TÍTULO
Título Manual del albañil /
Mención de responsabilidad, etc. por D. Ricardo Marcos y Bausá.
260 ## - PUBLICACIÓN, DISTRIBUCIÓN, ETC.
Lugar de publicación, distribución, etc. Madrid :
Nombre del editor, distribuidor, etc. [s.n.],
Fecha de publicación, distribución, etc. 1879 (
Fabricante Tip. de G. Estrada)
300 ## - DESCRIPCIÓN FÍSICA
Extensión 240 p., [1] h. pleg. de lám. ;
Dimensiones 17 cm.
490 1# - MENCIÓN DE SERIE
Mención de serie Biblioteca enciclopédica popular ilustrada. Sección 1ª. Artes y oficios ;
Designación de volumen o secuencia 11
597 ## - NOTA DE DESCRIPCIÓN FÍSICA
NOTA DE DESCRIPCIÓN FÍSICA Marca tip. en port.
650 #4 - PUNTO DE ACCESO ADICIONAL DE MATERIA--TÉRMINO DE MATERIA
Término de materia o nombre geográfico como elemento de entrada Albañilería.
9 (RLIN) 135545
700 1# - ENTRADA AGREGADA--NOMBRE PERSONAL
Nombre de persona Estrada, Gregorio.
9 (RLIN) 126979
830 10 - PUNTO DE ACCESO ADICIONAL DE SERIE-TÍTULO UNIFORME
Título uniforme Biblioteca enciclopédica popular ilustrada.
Nombre de parte o sección de la obra Artes y oficios
Designación de volumen o secuencia 11
9 (RLIN) 187687
852 ## - LOCALIZACIÓN
Ubicación ES-MaACL
Número de control de estantería F-13643
Nota libre - Enc. hol., conservando cub. original
Holdings
Estatus retirado Estado de pérdida Estado de daño No para préstamo Colección Biblioteca de origen Biblioteca actual Ubicación en estantería Fecha de adquisición Fuente de adquisición Total de préstamos Signatura topográfica completa Código de barras Visto por última vez Precio de reemplazo Tipo de ítem Koha
        Libros del s. XIX Biblioteca del Ateneo de Madrid Biblioteca del Ateneo de Madrid Sala Pecera Planta 2 17/01/2008     F-13643 1166103 23/02/2023 23/02/2023 Libro impreso antiguo